Normal view
MARC view
- DYNAMICS MACHINERY DYNAMICS
Entry Topical Term
001 - CONTROL NUMBER
- control field: 66778
003 - CONTROL NUMBER IDENTIFIER
- control field: NUST
005 - DATE AND TIME OF LATEST TRANSACTION
- control field: 20210628203653.0
008 - FIXED-LENGTH DATA ELEMENTS
- fixed length control field: 210628|| aca||aabn | a|a d
040 ## - CATALOGING SOURCE
- Original cataloging agency: NUST
- Transcribing agency: NUST
150 ## - HEADING--TOPICAL TERM
- Topical term or geographic name entry element: DYNAMICS MACHINERY DYNAMICS
670 ## - SOURCE DATA FOUND
- Source citation: Work cat.: (NUST): Kennedy, W, Gorman, D. G 66777, Applied solid dynamics, 1988
